Oviraptor / (Record no. 7415)

MARC details
000 -LEADER
fixed length control field 00781nam a22002777a 4500
001 - CONTROL NUMBER
control field 7415
003 - CONTROL NUMBER IDENTIFIER
control field FISKH
005 - DATE AND TIME OF LATEST TRANSACTION
control field 20250714134842.0
008 - FIXED-LENGTH DATA ELEMENTS--GENERAL INFORMATION
fixed length control field 250714b cb ||||| |||| 00| 0 eng d
020 ## - INTERNATIONAL STANDARD BOOK NUMBER
International Standard Book Number 9780531208632
040 ## - CATALOGING SOURCE
Original cataloging agency FISKH
Language of cataloging eng
Transcribing agency FISKH
Modifying agency FISKH
050 ## - LIBRARY OF CONGRESS CALL NUMBER
Classification number QE862.S3 M33165
082 ## - DEWEY DECIMAL CLASSIFICATION NUMBER
Classification number 567.912
100 ## - MAIN ENTRY--PERSONAL NAME
Personal name Mara, Wil
245 ## - TITLE STATEMENT
Title Oviraptor /
Statement of responsibility, etc. by Wil Mara
260 ## - PUBLICATION, DISTRIBUTION, ETC.
Place of publication, distribution, etc. New York :
Name of publisher, distributor, etc. Scholastic,
Date of publication, distribution, etc. 2012.
300 ## - PHYSICAL DESCRIPTION
Extent 32 pages :
Other physical details color illustrations ;
Dimensions 19cm
490 ## - SERIES STATEMENT
Series statement Rookie Read-About Dinosaurs)
505 ## - FORMATTED CONTENTS NOTE
Formatted contents note G<br/>
520 ## - SUMMARY, ETC.
Summary, etc. Describes the oviraptor's looks, eating habits, and fighting style.
521 8# - TARGET AUDIENCE NOTE
Target audience note 410<br/>
Source Lexile <br/>
521 8# - TARGET AUDIENCE NOTE
Target audience note G<br/>
Source Raz-Plus<br/>
650 ## - SUBJECT ADDED ENTRY--TOPICAL TERM
Topical term or geographic name entry element Dinosaurs
Form subdivision Prehistoric world
942 ## - ADDED ENTRY ELEMENTS (KOHA)
Source of classification or shelving scheme Dewey Decimal Classification
Koha item type Books
Suppress in OPAC No

No items available.